[Event "West Australia-ch"]
[Site "Perth"]
[Date "2012.07.15"]
[Round "1"]
[White "Saleh, Akef"]
[Black "Fedec, John"]
[Result "1-0"]
[WhiteElo "1946"]
[BlackElo "1951"]
[PlyCount "35"]
[EventDate "2012.07.15"]
[EventType "tourn"]
[EventRounds "9"]
[EventCountry "AUS"]
[SourceTitle "EXT 2013"]
[Source "ChessBase"]
[SourceDate "2012.11.22"]
[SourceVersion "1"]
[SourceVersionDate "2012.11.22"]
[SourceQuality "1"]

1. e4 c5 2. Nf3 d6 3. d4 cxd4 4. Nxd4 Nf6 5. Nc3 g6 6. f4 Nc6 7. Nxc6 bxc6 8. e5 dxe5 9. Qxd8+ Kxd8 10. fxe5 Ng4 11. Bf4 Bg7 12. 0-0-0+ Ke8 13. Nb5 Bd7 14. Nc7+ Kd8 15. Nxa8 Nf2 16. Bc4 Nxh1 17. e6 fxe6 18. Bxe6 1-0

[Event "Perth Huntingdale Masters"]
[Site "Perth"]
[Date "2006.06.07"]
[Round "6"]
[White "Fedec, John"]
[Black "Dunlop, Gordon"]
[Result "1-0"]
[WhiteElo "1858"]
[BlackElo "1812"]
[PlyCount "47"]
[EventDate "2006.04.21"]
[EventType "tourn"]
[EventRounds "9"]
[EventCountry "AUS"]
[SourceTitle "EXT 2010"]
[Source "ChessBase"]
[SourceDate "2010.11.25"]
[SourceVersion "1"]
[SourceVersionDate "2010.11.25"]
[SourceQuality "1"]

1. e4 g6 2. d4 d6 3. Nc3 Bg7 4. Be3 Nf6 5. f3 0-0 6. Qd2 a5 7. Bd3 Nbd7 8. g4 e5 9. h4 exd4 10. Bxd4 Ne5 11. Be2 a4 12. h5 a3 13. hxg6 fxg6 14. b3 c5 15. Be3 Qa5 16. 0-0-0 c4 17. f4 Nexg4 18. Bxc4+ Kh8 19. Bd4 Bd7 20. Nh3 Rac8 21. Be2 b5 22. Ng5 b4 23. Nd5 h5 24. Ne7 1-0

[Event "Perth Metro CC-chA"]
[Site "Perth"]
[Date "2006.03.09"]
[Round "5"]
[White "Choong, Yita"]
[Black "Fedec, John"]
[Result "0-1"]
[WhiteElo "1737"]
[BlackElo "1883"]
[PlyCount "82"]
[EventDate "2006.02.02"]
[EventType "tourn"]
[EventRounds "11"]
[EventCountry "AUS"]
[SourceTitle "EXT 2010"]
[Source "ChessBase"]
[SourceDate "2010.11.25"]
[SourceVersion "1"]
[SourceVersionDate "2010.11.25"]
[SourceQuality "1"]

1. e4 c5 2. Nf3 d6 3. d4 cxd4 4. Nxd4 Nf6 5. Nc3 g6 6. Be3 Bg7 7. f3 0-0 8. Qd2 Nc6 9. Bc4 Bd7 10. g4 Rc8 11. Bb3 Ne5 12. h4 Qa5 13. 0-0-0 Rxc3 14. Qxc3 Qxc3 15. bxc3 Nxf3 16. Nxf3 Bxg4 17. Rdf1 Nxe4 18. Rhg1 Bh3 19. Re1 Nxc3 20. Bxa7 e5 21. Be3 Bf5 22. Bg5 e4 23. Nd2 Rc8 24. Nc4 Rc6 25. Bd2 b5 26. Ne3 Be6 27. Bxe6 fxe6 28. Bxc3 Rxc3 29. Kd2 d5 30. Rg5 d4 31. Rxb5 Bh6 32. Rb3 Rc8 33. a4 dxe3+ 34. Kc1 Rd8 35. Kb2 Bg7+ 36. c3 Rd2+ 37. Kb1 e2 38. Kc1 Bh6 39. Rb2 Rd1+ 40. Kc2 Rxe1 41. Kb3 Bd2 0-1

[Event "Perth Respini-A"]
[Site "Perth"]
[Date "2005.10.27"]
[Round "8"]
[White "Fedec, John"]
[Black "Choong, Yita"]
[Result "1-0"]
[WhiteElo "1858"]
[BlackElo "1754"]
[PlyCount "85"]
[EventDate "2005.09.01"]
[EventType "tourn"]
[EventRounds "9"]
[EventCountry "AUS"]
[SourceTitle "EXT 2010"]
[Source "ChessBase"]
[SourceDate "2010.11.25"]
[SourceVersion "1"]
[SourceVersionDate "2010.11.25"]
[SourceQuality "1"]

1. e4 c5 2. Nf3 Nc6 3. d4 cxd4 4. Nxd4 g6 5. Nc3 Bg7 6. Be3 Nf6 7. Nxc6 bxc6 8. e5 Ng8 9. f4 h5 10. Qf3 Qa5 11. Bd2 Rb8 12. Ne4 Qc7 13. Bc3 Kf8 14. Bc4 Nh6 15. 0-0-0 Nf5 16. Rhe1 Qb6 17. Qd3 a5 18. Ng3 Nxg3 19. hxg3 h4 20. g4 Qf2 21. f5 Qf4+ 22. Kb1 Qxg4 23. fxg6 Qxg6 24. Qxg6 fxg6 25. Rf1+ Ke8 26. Bf7+ Kf8 27. Bxg6+ Kg8 28. Bf7+ Kf8 29. Bc4+ Ke8 30. b3 a4 31. Rf3 axb3 32. axb3 Bb7 33. e6 Bxc3 34. exd7+ Kd8 35. Rxc3 Kc7 36. Be6 Rh6 37. Bh3 Rd6 38. Re1 e5 39. Rxe5 Rd1+ 40. Kb2 Ra8 41. Rd3 Rf1 42. d8Q+ Rxd8 43. Re7+ 1-0

[Event "Perth Midland"]
[Site "Perth"]
[Date "2005.10.20"]
[Round "4"]
[White "Fedec, John"]
[Black "Boyd, Tristan"]
[Result "0-1"]
[WhiteElo "1858"]
[BlackElo "2240"]
[PlyCount "58"]
[EventDate "2005.09.28"]
[EventType "tourn"]
[EventRounds "7"]
[EventCountry "AUS"]
[SourceTitle "EXT 2010"]
[Source "ChessBase"]
[SourceDate "2010.11.25"]
[SourceVersion "1"]
[SourceVersionDate "2010.11.25"]
[SourceQuality "1"]

1. e4 c5 2. Nf3 Nc6 3. d4 cxd4 4. Nxd4 e5 5. Nb5 d6 6. c4 Be7 7. N1c3 a6 8. Na3 Be6 9. Nc2 Bg5 10. Bd3 Bxc1 11. Rxc1 Nf6 12. 0-0 0-0 13. Ne3 Nd7 14. Ncd5 Nd4 15. b4 Rc8 16. Nc2 Nxc2 17. Rxc2 Bxd5 18. cxd5 Qb6 19. Qd2 Rxc2 20. Bxc2 Rc8 21. Ba4 Nf8 22. Bb3 Qc7 23. Rd1 Nd7 24. Qe3 a5 25. bxa5 Qxa5 26. f4 Rc3 27. Qf2 Nf6 28. Re1 exf4 29. Qxf4 Rxb3 0-1

[Event "Perth Respini-A"]
[Site "Perth"]
[Date "2005.10.06"]
[Round "5"]
[White "Viswanath, Ganesh"]
[Black "Fedec, John"]
[Result "0-1"]
[WhiteElo "1745"]
[BlackElo "1858"]
[PlyCount "88"]
[EventDate "2005.09.01"]
[EventType "tourn"]
[EventRounds "9"]
[EventCountry "AUS"]
[SourceTitle "EXT 2010"]
[Source "ChessBase"]
[SourceDate "2010.11.25"]
[SourceVersion "1"]
[SourceVersionDate "2010.11.25"]
[SourceQuality "1"]

1. e4 c5 2. Nf3 d6 3. d4 cxd4 4. Nxd4 Nf6 5. Nc3 g6 6. g3 Nc6 7. Nde2 Bg7 8. Bg2 0-0 9. h3 Bd7 10. 0-0 Rc8 11. Kh2 Qa5 12. Nd5 Nxd5 13. exd5 Ne5 14. c3 Bb5 15. a4 Ba6 16. Re1 Bc4 17. Nf4 Qb6 18. Ra3 Qc7 19. b3 Ba6 20. c4 Rfe8 21. Ra2 b6 22. Rc2 Bb7 23. Ba3 Qd7 24. Ne2 g5 25. Nd4 e6 26. dxe6 fxe6 27. Nb5 Bxg2 28. Kxg2 Qc6+ 29. f3 Rf8 30. Rf2 g4 31. hxg4 Rcd8 32. Nxa7 Qb7 33. Nb5 Nxg4 34. Nxd6 Qc6 35. Rff1 Be5 36. Re4 Qxe4 37. Nxe4 Ne3+ 38. Kh2 Rxd1 39. Rxd1 Nxd1 40. Bxf8 Kxf8 41. f4 Nc3 42. Ng5 h6 43. Nxe6+ Ke7 44. f5 Ne2 0-1

[Event "Perth Midland"]
[Site "Perth"]
[Date "2005.09.28"]
[Round "1"]
[White "Fedec, John"]
[Black "Dunlop, Gordon"]
[Result "1-0"]
[WhiteElo "1858"]
[BlackElo "1841"]
[PlyCount "39"]
[EventDate "2005.09.28"]
[EventType "tourn"]
[EventRounds "7"]
[EventCountry "AUS"]
[SourceTitle "EXT 2010"]
[Source "ChessBase"]
[SourceDate "2010.11.25"]
[SourceVersion "1"]
[SourceVersionDate "2010.11.25"]
[SourceQuality "1"]

1. e4 e6 2. d4 d5 3. Nd2 dxe4 4. Nxe4 Be7 5. Nf3 Nf6 6. Bd3 Nbd7 7. Ng3 b6 8. 0-0 Bb7 9. Re1 0-0 10. Qe2 c5 11. Ng5 Re8 12. Nxf7 Kxf7 13. Qxe6+ Kf8 14. Bc4 Bd5 15. Bxd5 Nxd5 16. Qxd5 Bf6 17. Bf4 g6 18. Ne4 Bxd4 19. Bh6+ Bg7 20. Nd6 1-0

[Event "West Australia-ch"]
[Site "South Perth"]
[Date "2005.08.28"]
[Round "9"]
[White "Fedec, John"]
[Black "Rados, Petar"]
[Result "1-0"]
[WhiteElo "1829"]
[BlackElo "1723"]
[PlyCount "125"]
[EventDate "2005.07.03"]
[EventType "swiss"]
[EventRounds "9"]
[EventCountry "AUS"]
[SourceTitle "EXT 2009"]
[Source "ChessBase"]
[SourceDate "2008.11.26"]
[SourceVersion "1"]
[SourceVersionDate "2008.11.26"]
[SourceQuality "1"]

1. e4 e6 2. d4 d5 3. Nd2 c5 4. exd5 exd5 5. Bb5+ Nc6 6. Qe2+ Qe7 7. dxc5 Qxe2+ 8. Nxe2 Bxc5 9. Nb3 Bb6 10. Ned4 Bd7 11. Be3 Nge7 12. c3 0-0 13. Be2 Ne5 14. Nc2 Bf5 15. Bxb6 Bxc2 16. Bc5 Rfe8 17. 0-0 N7c6 18. Rfc1 Bd3 19. Bxd3 Nxd3 20. Rc2 b6 21. Be3 Rad8 22. Rd1 Nde5 23. Nd4 Na5 24. Bc1 Nd3 25. Be3 Ne5 26. Kf1 Nac4 27. Bc1 Ng4 28. h3 Nf6 29. Bg5 Rd6 30. Nb5 Rd7 31. Bxf6 gxf6 32. b3 Ne5 33. Re2 Rc8 34. Re3 a6 35. Nd4 Rdc7 36. Nf5 Rd8 37. f4 Ng6 38. g3 Kf8 39. c4 Rcd7 40. Red3 Ne7 41. Nxe7 Kxe7 42. cxd5 Kd6 43. Rc1 Rc7 44. Rc6+ Rxc6 45. dxc6+ Kc7 46. Rxd8 Kxd8 47. Kf2 Kc7 48. Kf3 Kxc6 49. Kg4 Kd6 50. Kf5 Ke7 51. g4 h6 52. a3 a5 53. a4 Kd6 54. Kxf6 Kc5 55. Kxf7 b5 56. axb5 Kxb5 57. g5 hxg5 58. fxg5 Kb4 59. g6 Kxb3 60. g7 a4 61. g8Q a3 62. Qh8 Ka2 63. Qc3 1-0